000 00355nam a22001697a 4500
003 UA-OsUOA
001 4320
007 ta
008 20050721b un ||||| |||| 00| 0 ukr d
100 _aSchwartz
700 _aJulius
942 _cBK
040 _aUA-OsUOA
_cUA-OsUOA
_dUA-OsUOA
245 _aThough the Magnifying Glass.
955 _a2
650 7 _2UDC
999 _c290482
_d290482